01562nam a2200325Ia 450000500170000000800410001702000180005810000270007624501210010325000360022430000580026049000270031850000450034552003480039052100530073853400180079165000430080965000470085265000360089965000370093570000420097294200150101426400580102933600270108733700330111433800280114704000350117508400110121099900150122120220317001438.0161108s2008 mx a g 000 f s  a97896816854541 aFunke, Corneliad1958-13aEl jinete del dragóncCornelia Funke ; ilustraciones de la autora ; traducción del alemán de Rosa Pilar Blanco a1a. edición, 4a reimpresión a415 páginasbilustraciones en blanco y negroc22 cm aA la orilla del viento aIncluye datos biográficos de la autora aCuando la Rata comunica a los dragones que los humanos se están acercando a su refugio uno de ellos, Lung, decide averiguar si la leyenda que habla de otros de su especie que emigraron es cierta. Acompañado de la duende Piel de Azufre y más tarde por otros amigos, descubren el origen del mito y deben elegir qué hacer a continuación aRecomendado para jóvenes a partir de 13 años bDrachenreiter142LEMBaNovela juvenil alemanaysiglo XX142LEMBaLiteratura juvenil alemanaysiglo XX142LEMBaDragones en la literatura142LEMBaAventuras en la literatura1 aBlanco, Rosa Pilaretraductora973201 2loccBKLIT aMéxicobSiruelabFondo de Cultura Económicac2008 atextobtxt2rdacontent asin mediaciónbn2rdamedia avolumenbnc2rdacarrier aCO-BoRNBPbspaerdacCO-BoRNBP aN FUN1 c7007d7007